Las tribus yaquis de Sonora (Record no. 61431)

MARC details
000 -LEADER
campo de control de longitud fija 00934nam a2200253 i 4500
001 - NÚMERO DE CONTROL
campo de control 61431
003 - IDENTIFICADOR DE NÚMERO DE CONTROL
campo de control ES-MaACL
005 - FECHA Y HORA DE LA ÚLTIMA TRANSACCIÓN
campo de control 20250727030518.0
007 - CAMPO FIJO DE DESCRIPCIÓN FÍSICA--INFORMACIÓN GENERAL
campo de control de longitud fija t|
008 - DATOS DE LONGITUD FIJA--INFORMACIÓN GENERAL
campo de control de longitud fija 031112s1978 mx af |||| | spa d
080 ## - NÚMERO DE LA CLASIFICACIÓN DECIMAL UNIVERSAL
Número de la Clasificación Decimal Universal (=1:721/727-81)
100 1# - ENTRADA PRINCIPAL--NOMBRE DE PERSONA
Nombre de persona Fabila, Alfonso.
9 (RLIN) 48520
245 14 - MENCIÓN DEL TÍTULO
Título Las tribus yaquis de Sonora
Resto del título : su cultura y anhelada autodeterminación /
Mención de responsabilidad, etc. Alfonso Fabila.
260 ## - PUBLICACIÓN, DISTRIBUCIÓN, ETC.
Lugar de publicación, distribución, etc. [México] :
Nombre del editor, distribuidor, etc. Instituto Nacional Indigenista,
Fecha de publicación, distribución, etc. [1978]
300 ## - DESCRIPCIÓN FÍSICA
Extensión 330 p., 9 lám. :
Otras características físicas il. ;
Dimensiones 21 cm.
490 1# - MENCIÓN DE SERIE
Mención de serie Clásicos de la antropología mexicana ;
Designación de volumen o secuencia 5
650 #4 - PUNTO DE ACCESO ADICIONAL DE MATERIA--TÉRMINO DE MATERIA
Término de materia o nombre geográfico como elemento de entrada Indios de México.
9 (RLIN) 157375
650 #4 - PUNTO DE ACCESO ADICIONAL DE MATERIA--TÉRMINO DE MATERIA
Término de materia o nombre geográfico como elemento de entrada Yaquis (Indios)-
Subdivisión geográfica Sonora (México, Estado)
9 (RLIN) 159834
651 #4 - PUNTO DE ACCESO ADICIONAL DE MATERIA--NOMBRE GEOGRÁFICO
Nombre geográfico México-
Subdivisión general Historia-
Subdivisión cronológica 1521-1821, Época colonial.
9 (RLIN) 158070
710 2# - ENTRADA AGREGADA--NOMBRE DE ENTIDAD CORPORATIVA
Nombre de entidad corporativa o nombre de jurisdicción como elemento de entrada Instituto Nacional Indigenista (México)
9 (RLIN) 5196
830 0# - PUNTO DE ACCESO ADICIONAL DE SERIE-TÍTULO UNIFORME
Título uniforme Clásicos de la antropología mexicana
Designación de volumen o secuencia 5
9 (RLIN) 184456
852 ## - LOCALIZACIÓN
Ubicación ES-MaACL
Número de control de estantería A-9987
Holdings
Estatus retirado Estado de pérdida Estado de daño No para préstamo Biblioteca de origen Biblioteca actual Ubicación en estantería Fecha de adquisición Fuente de adquisición Total de préstamos Signatura topográfica completa Código de barras Visto por última vez Precio de reemplazo Tipo de ítem Koha
        Biblioteca del Ateneo de Madrid Biblioteca del Ateneo de Madrid Depósito 1 17/01/2008     A-9987 1064414 23/02/2023 23/02/2023 Libro impreso